| 000 | 00986nam a2200265 a 4500 | ||
|---|---|---|---|
| 001 | 000042027 | ||
| 005 | 20201002035907.0 | ||
| 008 | 131107s1984 sp ac 000 0bspa d | ||
| 020 | _a8434581558 | ||
| 040 |
_aDO-SdBNP _bspa _cBNPHU |
||
| 082 |
_a822.33 _bS527H |
||
| 100 | 1 |
_aHalliday, F. E., _d1903-1982 _968989 |
|
| 240 | 1 | 0 |
_aShakespeare and his world _lEspañol |
| 245 | 1 | 0 |
_aShakespeare / _cFrank Ernest Halliday; traducción de Rafael Vázquez Zamora; prólogo Lluis Pasqual. |
| 260 |
_aBarcelona : _bSalvat, _c1984. |
||
| 300 |
_a175 p. : _bil. ; _c20 cm. |
||
| 490 | 1 |
_aBiblioteca Salvat de grandes biografías; _v10 |
|
| 500 | _aTraducción de: Shakespeare and his world | ||
| 504 | _aBibliografía : p. 175 | ||
| 600 | 1 | 4 |
_aSHAkESPEARE, WILLIAN _d1564-1616 _968990 |
| 700 | 1 | 2 |
_aVázquez Zamora, Rafael _etr. _938342 |
| 700 | 1 | 2 |
_aPasqual, Lluis _epról. _968991 |
| 830 | 0 |
_aBiblioteca Salvat de grandes biografías _n10 _968992 |
|
| 910 | _aValidado. Control de calidad MFF | ||
| 999 |
_c41516 _d41516 |
||